00511nam a2200157Ia 4500008004100000020001400041041000800055082001600063100002400079245014900103250000600252260004400258300001200302440000600314650003300320210716s1999 xx 000 0 und d a201526255 aeng a004.62 STEW aStevens, W Richard. aTCP/IP illustrated: tcp for transactions http nntp and the unix domain protocols.bTcp for transactions http nntp and the unix domain protocols. a1 aNew DelhibAddison Wesley Longmanc1999 axix,328 v3 aInternet,Working With TCP/IP